La població de Catalunya (Record no. 126355)

MARC details
000 -LEADER
campo de control de longitud fija 00611nam a2200205 4500
001 - NÚMERO DE CONTROL
campo de control 126355
003 - IDENTIFICADOR DE NÚMERO DE CONTROL
campo de control ES-MaACL
005 - FECHA Y HORA DE LA ÚLTIMA TRANSACCIÓN
campo de control 20230906192815.0
007 - CAMPO FIJO DE DESCRIPCIÓN FÍSICA--INFORMACIÓN GENERAL
campo de control de longitud fija t|
008 - DATOS DE LONGITUD FIJA--INFORMACIÓN GENERAL
campo de control de longitud fija 070214s1976 sp r ||||1| cat d
100 1# - ENTRADA PRINCIPAL--NOMBRE DE PERSONA
Nombre de persona Recolons, Luis.
9 (RLIN) 95779
245 13 - MENCIÓN DEL TÍTULO
Título La població de Catalunya
Resto del título : distribució territorial i evolució demográfica : (1900-1970) /
Mención de responsabilidad, etc. Luis Recolons.
250 ## - MENCION DE EDICION
Mención de edición 1ª. ed.
260 ## - PUBLICACIÓN, DISTRIBUCIÓN, ETC.
Lugar de publicación, distribución, etc. Barcelona :
Nombre del editor, distribuidor, etc. Laia,
Fecha de publicación, distribución, etc. 1976.
300 ## - DESCRIPCIÓN FÍSICA
Extensión 268 p. ;
Dimensiones 24 cm.
490 1# - MENCIÓN DE SERIE
Mención de serie Les eines ;
Designación de volumen o secuencia 10
830 0# - PUNTO DE ACCESO ADICIONAL DE SERIE-TÍTULO UNIFORME
Título uniforme Les eines ;
Designación de volumen o secuencia 10
9 (RLIN) 187276
852 ## - LOCALIZACIÓN
Ubicación ES-MaACL
Número de control de estantería A-5899
Sublocalización o colección R.94669
Holdings
Estatus retirado Estado de pérdida Estado de daño No para préstamo Biblioteca de origen Biblioteca actual Ubicación en estantería Fecha de adquisición Fuente de adquisición Total de préstamos Signatura topográfica completa Código de barras Visto por última vez Precio de reemplazo Tipo de ítem Koha
        Biblioteca del Ateneo de Madrid Biblioteca del Ateneo de Madrid Sala Pecera Planta 1 17/01/2008     A-5899 1131605 23/02/2023 23/02/2023 Libro impreso